Monumentos y lugares de belleza natural /

Catálogo que incluye los datos básicos de la arquitectura mexicana del siglo XVI a XIX, es decir, la localización y una identificación breve.

Gardado en:
Detalles Bibliográficos
Formato: Libro
Idioma:Lingua castelá
Temas:
Etiquetas: Engadir etiqueta
Sen Etiquetas, Sexa o primeiro en etiquetar este rexistro!

MARC

LEADER 00000nam^a2200000^a^4500
001 000125999
005 20250521000000.0
009 20260310094712.214
037 |a Acervo ITESO - Biblioteca 
041 |a ESP 
082 |a 720. 972  |b MON 
245 0 0 |a Monumentos y lugares de belleza natural / 
264 |a México :  |b INAH, Departamento de Catálogo,  |c 1973 
300 |a 1 v. (sin paginación) 
336 |a texto  |b txt  |2 rdacontenido 
337 |a sin mediación  |b n  |2 rdamedio 
338 |a volumen  |b nc  |2 rdasoporte 
520 |a Catálogo que incluye los datos básicos de la arquitectura mexicana del siglo XVI a XIX, es decir, la localización y una identificación breve. 
649 |a XX 
650 |a Monumentos Conmemorativos -  |z México -  |x Catálogos 
650 |a Arquitectura Mexicana 
650 |a Arte Mexicano -  |x Historia y Crítica 
910 |a Fondo Salvador Reynoso Reynoso 
920 |a Impresos - Libros 
930 |a Fondos Especiales 
905 |a 112 
901 |a 0800008414  |b IT2  |c ESP  |u 20250521 
902 |a https://opac.biblio.iteso.mx/vufind/Record/000125999